000 00294nam a2200133Ia 4500
999 _c6571
_d6571
003 OSt
008 191201s2008 xx 000 0 und d
100 _aROBBINS,Stephen P
245 0 _aOrganizational theory
260 _aN. delhi
_bPHI
_c2008
300 _a552
650 _aBBA
942 _2ddc
_cBK